MARC details
| 000 -CABECERA |
| campo de control de longitud fija |
01047nam a2200277 a 4500 |
| 001 - NÚMERO DE CONTROL |
| campo de control |
000030025 |
| 003 - IDENTIFICADOR DEL NÚMERO DE CONTROL |
| campo de control |
DO-SdBNP |
| 005 - FECHA Y HORA DE LA ÚLTIMA TRANSACCIÓN |
| campo de control |
20250401150045.0 |
| 008 - DATOS DE LONGITUD FIJA--INFORMACIÓN GENERAL |
| campo de control de longitud fija |
110428s2009 dr c 000 0 spa d |
| 020 ## - NÚMERO INTERNACIONAL ESTÁNDAR DEL LIBRO |
| Número Internacional Estándar del Libro |
9789945427554 |
| 040 ## - FUENTE DE LA CATALOGACIÓN |
| Centro catalogador/agencia de origen |
DO-SdBNP |
| Lengua de catalogación |
spa |
| Centro/agencia transcriptor |
BNPHU |
| 049 ## - FONDOS LOCALES (OCLC) |
| Fondos de biblioteca |
BNPD |
| 082 ## - NÚMERO DE LA CLASIFICACIÓN DECIMAL DEWEY |
| Número de clasificación |
R 306.4016 |
| Número de documento/Ítem |
B582h |
| 245 00 - MENCIÓN DE TÍTULO |
| Título |
Biblio-hemerografía de la cultura tradicional y popular de la República Dominicana 1927-2007 / |
| Mención de responsabilidad, etc. |
compilación Xiomarita Pérez. |
| 260 ## - PUBLICACIÓN, DISTRIBUCIÓN, ETC. |
| Lugar de publicación, distribución, etc. |
Santo Domingo : |
| Nombre del editor, distribuidor, etc. |
Nacional, |
| Fecha de publicación, distribución, etc. |
2009. |
| 300 ## - DESCRIPCIÓN FÍSICA |
| Extensión |
380 p. : |
| Otras características físicas |
il., retrs. ; |
| Dimensiones |
26 cm. |
| 500 ## - NOTA GENERAL |
| Nota general |
Incluye índice onomástico |
| 504 ## - NOTA DE BIBLIOGRAFÍA, ETC. |
| Nota de bibliografía, etc. |
Bibliografía: p. 313-342. |
| 650 #4 - PUNTO DE ACCESO ADICIONAL DE MATERIA--TÉRMINO DE MATERIA |
| Término de materia o nombre geográfico como elemento de entrada |
Culturas tradicionales |
| Subdivisión de forma |
Bibliografías |
| 9 (RLIN) |
56738 |
| 650 #0 - PUNTO DE ACCESO ADICIONAL DE MATERIA--TÉRMINO DE MATERIA |
| Término de materia o nombre geográfico como elemento de entrada |
Folclore |
| Subdivisión geográfica |
República Dominicana |
| Subdivisión de forma |
Bibliografías |
| 9 (RLIN) |
33448 |
| 651 #4 - PUNTO DE ACCESO ADICIONAL DE MATERIA--NOMBRE GEOGRÁFICO |
| Nombre geográfico |
República Dominicana |
| Subdivisión general |
Cultura popular |
| Subdivisión de forma |
Bibliografías |
| 9 (RLIN) |
56740 |
| 651 #4 - PUNTO DE ACCESO ADICIONAL DE MATERIA--NOMBRE GEOGRÁFICO |
| Nombre geográfico |
República Dominicana |
| Subdivisión general |
Vida social y costumbres |
| Subdivisión de forma |
Bibliografías |
| 9 (RLIN) |
56741 |
| 700 12 - PUNTO DE ACCESO ADICIONAL--NOMBRE DE PERSONA |
| Nombre de persona |
Pérez, Xiomarita |
| Término indicativo de función/relación |
comp. |
| 9 (RLIN) |
458 |
| 910 ## - DATOS DE OPCIÓN DEL USUARIO (OCLC) |
| Datos de opción del usuario |
Validado. Control de calidad |
| 942 ## - ELEMENTOS DE PUNTO DE ACCESO ADICIONAL (KOHA) |
| Fuente del sistema de clasificación o colocación |
Dewey Decimal Classification |
| Tipo de ítem Koha |
Libro |